Statistics for Breaking Bad Trivia #R

Click here to take the quiz!

General Stats

  • This quiz has been taken 46 times
  • The average score is 8 of 15

Answer Stats

HintAnswer% Correct
What Gus seeks against the cartelRevenge
91%
Reccuring poison in the showRicin
88%
The minerals, not __, Marie.Rocks
88%
Walt receives the news that he is in __, but the cancer is still thereRemission
75%
Jesse goes to __ between Season 2 & 3Rehab
72%
RV stands forRecreational vehicle
63%
"You're goddam __!"Right
63%
Title of an Episode in Season 5B: __ DogRabid Dog
47%
Lydia __- QuayleRodarte
38%
Gus' last insult to Hector: Crippled little __Rata
31%
Badger and Skinny Pete discuss Zombies in this gameResident Evil 4
31%
Janes actressKrysten Ritter
25%
Name of a superhero, made up by JesseRewindo
22%
Mike hides inside an __ truck filled with bucketsRefrigerator
19%
Detective with the APD: Tim __Roberts
9%

Score Distribution

Percentile by Number Answered

Percent of People with Each Score

Your Score History

You have not taken this quiz